Logo BPK

Biblioteka

Politechniki Koszalińskiej

Relacyjne bazy danych / (Rekord nr 35854)

Szczegóły MARC
000 -ETYKIETA REKORDU
podpole kontrolne o stałej długości 00973nam a2200277 i 4500
001 - NUMER KONTROLNY REKORDU
pole kontrolne bg
020 ## - MIĘDZYNARODOWY ZNORMALIZOWANY NUMER KSIĄŻKI - ISBN
ISBN 8320410258
040 ## - ŹRÓDŁO KATALOGOWANIA
Instytucja, która utworzyła rekord BPK
041 1# - KOD JĘZYKA
Kod języka tekstu pl
Kod języka oryginału fr
080 ## - UNIWERSALNA KLASYFIKACJA DZIESIĘTNA - UKD
UKD 004.652(075.8)
920 ## - Międzynarodowy znormalizowany numer książki – ISBN
ISBN 83-204-1025-8
008 - POLE O STAŁEJ DŁUGOŚCI - DANE KONTROLNE
podpole kontrolne o stałej długości s pl f |000 0 pol
100 1# - NAZWA OSOBOWA
Nazwa osobowa DELOBEL, Claude.
245 10 - TYTUŁ/ODPOWIEDZIALNOŚĆ
Tytuł Relacyjne bazy danych /
Pozostałe elementy strefy tytułu i oznaczenia odpowiedzialności Claude Delobel, Michel Adiba ; z fr. przeł. Monika Bartnicka-Gustowska, Jerzy Gustowski
246 ## - WARIANT TYTUŁU
Treść wyrażenia wprowadzającego Tyt. oryg.:
Tytuł Bases de données et systèmes relationnels
260 ## - STREFA ADRESU WYDAWNICZEGO
Miejsce wydania Warszawa :
Nazwa wydawcy/dystrybutora Wydawnictwa Naukowo-Techniczne,
Data publikacji, dystrybucji/powstania dokumentu 1989.
300 ## - STREFA OPISU FIZYCZNEGO
Objętość 455, [1] s. :
Inne cechy fizyczne rys., wykr. ;
Rozmiary 24 cm.
490 ## - STREFA SERII I DOKUMENTU WIELOCZĘŚCIOWEGO - FORMA NIE DO WYSZUKIWANIA
Tytuł i oznaczenie odpowiedzialności serii Biblioteka Inżynierii Oprogramowania
500 ## - UWAGI OGÓLNE
Tekst uwagi Oryg. : "Bases de données et systèmes relationnels" 1983.
504 ## - UWAGA DOTYCZĄCA BIBLIOGRAFII
Informacje o bibliografii Bibliogr. s. 442-451. - Indeks.
650 ## - HASŁO PRZEDMIOTOWE W FORMIE NAZWY OGÓLNEJ LUB JEDNOSTKOWEJ
Nazwa ogólna lub geograficzna Baza danych
655 ## - TERMIN INDEKSOWY - OKREŚLENIE RODZAJU/FORMY DOKUMENTU
Określenie rodzaju/formy dokumentu Podręczniki akademickie
700 ## - HASŁO DODATKOWE - NAZWA OSOBOWA
Nazwa osobowa ADIBA, Michael.
830 ## - HASŁO DODATKOWE SERII LUB DOKUMENTU WIELOCZĘŚCIOWEGO - TYTUŁ UJEDNOLICONY
Tytuł ujednolicony Biblioteka Inżynierii Oprogramowania
856 ## - LOKALIZACJA I DOSTĘP DO ELEKTRONICZNYCH DOKUMENTÓW ZDALNYCH
Link (URL) http://koha.tu.koszalin.pl/cgi-bin/koha/opac-detail.pl?biblionumber=35854
Tekst linku Katalog online BPK
942 ## - DODATKOWE ELEMENTY (KOHA)
Typ dokumentu Książka
Egzemplarze
Wycofany Status egzemplarza Uszkodzony Dostępność Lokalizacja stała Lokalizacja bieżąca Miejsce przechowywania Sygnatura Kod kreskowy Ostatnio wypożyczono Typ dokumentu
      Dostępny Biblioteka Politechniki Koszalińskiej Biblioteka Politechniki Koszalińskiej Wypożyczalnia BG 48830 01372991 07.05.2022 Książka
      Dostępny Biblioteka Politechniki Koszalińskiej Biblioteka Politechniki Koszalińskiej Wypożyczalnia BG 48830/L 01906776 23.02.2021 Książka
© 2023 Biblioteka Politechniki Koszalińskiej :: KOHA